01096cam a22002651a 4500001001300000003000400013005001700017008004100034010001700075035002000092040004200112042001200154050001500166100001900181245024700200260003300447300002000480440007000500500011900570504002500689610005300714650002400767650002400791999001500815af 48000087 DLC20260227110841.0890508s1941 gw b 000 0 ger c aaf 48000087  a(OCoLC)19673990 aIllinois Univ. LibrarycNcDdNcDdDLC apremarc00aDD253b.E41 aEitze, Werner.10aVom Wesen und den Formen der Schulung in der Ortsgruppe der NSDAP :bein Beitrag zur Klärung der Funktion der weltanschaulich-politischen Erziehungsarbeit /cvon Werner Eitze ; mit einem Geleitwort von Hugo Stratmann und Prof. Dr. Deuchler. aHamburg :bM. Riegel,c1941. a95 p. ;c23 cm. 0aErziehungswissenschaftliche und Psychologische Studien ;vHeft 19 a"Von der Philosophischen Fakultät der Hansischen Universität [Hamburg] angenommenen Dissertation"--T.p. verso. aBibliography: p. 92.20aNationalsozialistische Deutsche Arbeiter-Partei. 0aNational socialism. 0aEducationzGermany. c3920d3920